Minecraft Loot: Cold Ocean Ruin Archaeology - Statistics

General Stats
  • This quiz has been taken 7 times
  • The average score is 4 of 10
Answer Stats
Item Weight % Correct
Gold Nugget 13%
100%
Coal 13%
50%
Emerald 13%
50%
Iron Axe 6.7%
50%
Wheat 13%
50%
Wooden Hoe 13%
50%
Blade Pottery Sherd 6.7%
17%
Explorer Pottery Sherd 6.7%
17%
Mourner Pottery Sherd 6.7%
17%
Plenty Pottery Sherd 6.7%
17%
No matching quizzes found
Score Distribution
Percent of People with Each Score
Percentile by Number Answered
Your Score History
You have not taken this quiz